[Event "46th Capablanca Memorial Open B"]
[Site "Havana CUB"]
[Date "2011.05.15"]
[Round "5.6"]
[White "Gonzalez, Harold"]
[Black "Garcia Matos, Richard A."]
[Result "1/2-1/2"]
[WhiteTitle "FM"]
[WhiteElo "2250"]
[BlackElo "2196"]
[WhiteFideId "3506061"]
[BlackFideId "3511090"]
[EventDate "2011.05.11"]

1. c4 e6 2. e4 d5 3. exd5 exd5 4. d4 Nf6 5. Nc3 Be7 6. Nf3 O-O 7. cxd5 Nxd5 8.
Bc4 Nb6 9. Bb3 Bg4 10. O-O Nc6 11. Be3 Bf6 12. h3 Bxf3 13. Qxf3 Nxd4 14. Qxb7
Rb8 15. Qxa7 Ra8 16. Qb7 Rb8 17. Qe4 Re8 18. Qg4 Nxb3 19. axb3 Nd5 20. Rad1 Nxe3
21. fxe3 Qc8 22. Rd7 Rb4 23. Qd1 c6 24. Rxf6 gxf6 25. e4 Rxb3 26. e5 Rb4 27. e6
fxe6 28. Qd3 f5 29. Na2 Re4 30. Nc3 Rb4 31. Qd6 Qb8 32. Rc7 Qb6+ 33. Kh1 Qf2 34.
Qd7 Qf1+ 35. Kh2 Qf4+ 1/2-1/2

[Event "46th Capablanca Memorial Open B"]
[Site "Havana CUB"]
[Date "2011.05.15"]
[Round "5.7"]
[White "Gonzalez Gomez, Ronier"]
[Black "Diaz Perez, Michel Alejandro"]
[Result "1/2-1/2"]
[WhiteElo "2196"]
[BlackElo "2240"]
[WhiteFideId "3503763"]
[BlackFideId "3517179"]
[EventDate "2011.05.11"]

1. d4 d5 2. c4 c6 3. cxd5 cxd5 4. Bf4 Nc6 5. e3 Qb6 6. Nc3 Nf6 7. Bd3 a6 8. Nge2
e6 9. O-O Be7 10. a3 O-O 11. h3 Bd7 12. Na4 Qa7 13. b4 Rfc8 14. Qb3 b6 15. Rfc1
Qb7 16. Nec3 Na7 17. Rc2 Be8 18. Rac1 Nd7 19. Be2 b5 20. Nc5 Nxc5 21. bxc5 Nc6
22. Rb2 Na5 23. Qb4 Nc6 24. Qb3 Na5 25. Qa2 Bc6 26. Rcb1 Qd7 27. Bd3 Nc4 28. Ra1
g6 29. Rbb1 Kg7 30. Qc2 e5 31. Bg3 exd4 32. exd4 Bf6 33. Ne2 Re8 34. Qc3 h5 35.
Re1 Re6 36. Bxc4 dxc4 37. Be5 g5 38. Bxf6+ Rxf6 39. Ng3 Rh8 40. Re5 Bd5 41.
Rxg5+ Rg6 42. Rxh5 Rxh5 43. Nxh5+ Kf8 44. Ng3 Qc6 45. Re1 Bxg2 46. d5 Bxd5 47.
Qh8+ Rg8 48. Qe5 Be6 49. Rd1 Ke7 50. Kh2 Qf3 51. Qd6+ Kf6 52. Qd4+ Ke7 53. Qd6+
Kf6 1/2-1/2

[Event "46th Capablanca Memorial Open B"]
[Site "Havana CUB"]
[Date "2011.05.15"]
[Round "5.8"]
[White "Borges Del Pino, Oliver"]
[Black "Jodar Arias, Marlon"]
[Result "1/2-1/2"]
[WhiteElo "2209"]
[BlackElo "2174"]
[WhiteFideId "3505022"]
[BlackFideId "3505499"]
[EventDate "2011.05.11"]

1. d4 Nf6 2. Nf3 g6 3. g3 Bg7 4. Bg2 O-O 5. c4 d5 6. Nc3 dxc4 7. O-O c6 8. e4
Na6 9. a4 Bg4 10. Be3 Nb4 11. Qe2 Nd7 12. Rad1 a5 13. Qxc4 Nc2 14. Qd3 Nxe3 15.
Qxe3 Qb6 16. e5 Qb4 17. h3 Bf5 18. d5 Nb6 19. g4 Bc2 20. Rd4 Qxb2 21. Qd2 Nxd5
22. Nxd5 cxd5 23. Rc1 Rac8 24. Rxd5 Qa2 25. Nd4 Bb1 26. Rd1 Qxd2 27. Rxd2 b6 28.
f4 e6 29. Rd6 Rc1+ 30. Kh2 Rfc8 31. Rxb6 Bf8 32. Nb3 Bb4 33. Rb2 Re1 34. Nxa5
Bxa5 35. Rxb1 Rxb1 36. Rxb1 Rc4 37. f5 gxf5 38. gxf5 Rxa4 39. Rb8+ Kg7 40. Rb7
Rb4 41. Rd7 Rb6 42. f6+ Kg6 43. Be4+ Kg5 44. Rxf7 Kf4 45. Bg2 Kxe5 46. Ra7 Bb4
47. f7 Kf6 48. Kg3 Be7 49. f8=Q+ Bxf8 50. Rxh7 1/2-1/2

[Event "46th Capablanca Memorial Open B"]
[Site "Havana CUB"]
[Date "2011.05.15"]
[Round "5.9"]
[White "Hernandez Gonzalez, William"]
[Black "Pacey, Kevin"]
[Result "1-0"]
[WhiteElo "2206"]
[BlackElo "2169"]
[WhiteFideId "3509915"]
[BlackFideId "2600455"]
[EventDate "2011.05.11"]

1. e4 Nc6 2. Nf3 e6 3. d4 d5 4. e5 b6 5. c3 Nce7 6. Bd3 a5 7. Qe2 Nf5 8. O-O h5
9. Bxf5 exf5 10. Re1 Be7 11. e6 Bxe6 12. Ne5 Nf6 13. Bg5 Kf8 14. Nd2 Ng8 15. Nc6
Qd6 16. Nxe7 Nxe7 17. Nf3 Re8 18. Nh4 Bd7 19. Qd2 f6 20. Rxe7 Kxe7 21. Bf4 Qc6
22. Ng6+ Kd8 23. Nxh8 Rxh8 24. h4 Re8 25. Re1 Rxe1+ 26. Qxe1 Qc4 27. a3 Qd3 28.
f3 Qc2 29. Qg3 Qxb2 30. Qxg7 Qxa3 31. Qg8+ Be8 32. Qxd5+ Kc8 33. Qe6+ Kd8 34.
Qxf6+ Kd7 35. Qxf5+ Kc6 36. Qe6+ Kb7 37. Qxe8 Qxc3 38. Qe4+ Ka7 39. d5 b5 40.
Kh2 a4 41. d6 cxd6 42. Bxd6 Qf6 43. Qe7+ Qxe7 44. Bxe7 Kb6 45. g4 Ka5 46. gxh5
b4 47. h6 b3 48. Ba3 1-0

[Event "46th Capablanca Memorial Open B"]
[Site "Havana CUB"]
[Date "2011.05.15"]
[Round "5.10"]
[White "Montero Fernandez, Reynier"]
[Black "Pinero, Carlos"]
[Result "1/2-1/2"]
[WhiteElo "2205"]
[BlackElo "2027"]
[WhiteFideId "3504573"]
[BlackFideId "3901726"]
[EventDate "2011.05.11"]

1. e4 c5 2. Nc3 e6 3. g3 Nc6 4. Bg2 Nf6 5. Nge2 Be7 6. O-O O-O 7. d4 cxd4 8.
Nxd4 Qc7 9. Ndb5 Qb8 10. Bf4 e5 11. Be3 a6 12. Na3 d6 13. Nc4 Ng4 14. Bb6 Nf6
15. h3 Be6 16. Ne3 Bd8 17. Bxd8 Rxd8 18. Ncd5 Bxd5 19. Nxd5 Nxd5 20. Qxd5 Qc7
21. c3 Ne7 22. Qb3 Rac8 23. Rad1 b5 24. Rd3 Qc4 25. Rfd1 Qxb3 26. axb3 Rc6 27.
Ra1 Kf8 28. Ra2 Ke8 29. Rd1 Kd7 30. Rda1 Ra8 31. Bf1 Rb6 32. Rxa6 Raxa6 33. Rxa6
Rb7 34. b4 Kc7 35. Ra5 Kc6 36. Ra6+ Kc7 37. Bd3 Nc6 38. Kf1 Rb8 39. Ke2 Rb7 40.
h4 Rb8 41. Ke3 Kd7 42. Bc2 Kc7 43. Bb3 Kb7 44. Ra1 f6 45. Bd5 Rc8 46. h5 h6 47.
Kf3 Kb6 48. Bxc6 Rxc6 49. Kg4 Rc8 50. Kf5 Rd8 51. Kg6 Rd7 52. g4 Kc6 53. Ra6+
Kb7 54. Ra5 Kc6 55. Ra8 d5 56. exd5+ Kxd5 57. f3 Kc4 58. Rg8 Rd3 59. Rxg7 Rxf3
60. Kxh6 e4 61. Re7 Kd3 62. Kg7 Rf4 63. h6 Rxg4+ 64. Kxf6 e3 65. h7 Rh4 66. Kg7
Rg4+ 67. Kf8 Rh4 68. Kg8 1/2-1/2

[Event "46th Capablanca Memorial Open B"]
[Site "Havana CUB"]
[Date "2011.05.15"]
[Round "5.11"]
[White "Marzo Arias, Valentin"]
[Black "Hernandez Noa, Rodney"]
[Result "0-1"]
[WhiteElo "2183"]
[BlackElo "2282"]
[WhiteFideId "3506916"]
[BlackFideId "3510360"]
[EventDate "2011.05.11"]

1. e4 e5 2. Bc4 Nf6 3. Qe2 Nc6 4. Nf3 Be7 5. d3 O-O 6. c3 d6 7. Bb3 Na5 8. Bc2
c5 9. Nbd2 Ne8 10. d4 cxd4 11. cxd4 Nc6 12. dxe5 dxe5 13. O-O Bg4 14. Qe3 Nc7
15. h3 Be6 16. Rd1 Qc8 17. Nf1 Bf6 18. Ng3 Rd8 19. Bd2 Nd4 20. Nxd4 exd4 21. Qf3
d3 22. Bxd3 Bxb2 23. Rab1 Be5 24. Bf4 Bxf4 25. Qxf4 Ne8 26. e5 Bxa2 27. Rbc1 Qe6
28. Bxh7+ Kxh7 29. Rxd8 Rxd8 30. Nf5 Kg8 31. Qg5 f6 32. Qg6 fxe5 33. Qg4 Qf6 0-1

[Event "46th Capablanca Memorial Open B"]
[Site "Havana CUB"]
[Date "2011.05.15"]
[Round "5.12"]
[White "Ramos Pineiro, Alexis"]
[Black "Charon Mustelier, Manuel"]
[Result "1/2-1/2"]
[WhiteTitle "FM"]
[WhiteElo "2280"]
[BlackElo "2167"]
[WhiteFideId "3503135"]
[BlackFideId "3502023"]
[EventDate "2011.05.11"]

1. e4 e5 2. Nf3 d6 3. d4 Nf6 4. Nc3 Nbd7 5. h3 Be7 6. Be3 c6 7. a4 O-O 8. a5 a6
9. Bd3 exd4 10. Bxd4 c5 11. Be3 Nb8 12. g4 Be6 13. g5 Ne8 14. Nd5 Nc6 15. Qd2
Nc7 16. h4 Nxd5 17. exd5 Bxd5 18. Bxh7+ Kxh7 19. Qxd5 Nb4 20. Qd1 d5 21. c3 d4
22. cxd4 cxd4 23. Nxd4 Qd5 24. O-O Kg8 25. Qg4 Rfe8 26. Rfd1 Bf8 27. Nf5 Re5 1/2-1/2

[Event "46th Capablanca Memorial Open B"]
[Site "Havana CUB"]
[Date "2011.05.15"]
[Round "5.13"]
[White "Rey Rodriguez, Yosvani"]
[Black "Hernandez Copin, Elvis"]
[Result "0-1"]
[WhiteElo "2143"]
[BlackElo "2244"]
[WhiteFideId "3514749"]
[BlackFideId "3506258"]
[EventDate "2011.05.11"]

1. e4 c5 2. Nf3 d6 3. d4 cxd4 4. Nxd4 Nf6 5. Nc3 a6 6. Be3 e5 7. Nb3 Be6 8. f3
Nbd7 9. Qd2 Qc7 10. O-O-O b5 11. g4 Nb6 12. Bxb6 Qxb6 13. Kb1 Be7 14. h4 Rc8 15.
g5 Nh5 16. Bh3 Nf4 17. Nd5 Nxd5 18. exd5 Bxh3 19. Rxh3 Rc4 20. Rf1 Rf4 21. Re1
O-O 22. Re4 Rxe4 23. fxe4 Qg1+ 24. Qc1 Qxc1+ 25. Kxc1 f6 26. Rg3 fxg5 27. hxg5
Rf5 28. Nd2 Kf7 29. g6+ hxg6 30. Kd1 g5 31. Ke2 g4 32. Ke3 Bh4 33. Rg2 Be1 34.
Re2 Bxd2+ 35. Kxd2 Kg6 36. b3 Kg5 37. c4 g3 38. a4 bxa4 39. bxa4 Kg4 40. c5 dxc5
41. Kc3 Kf3 0-1

[Event "46th Capablanca Memorial Open B"]
[Site "Havana CUB"]
[Date "2011.05.15"]
[Round "5.14"]
[White "Salgado Segui, Roberto"]
[Black "Castro, Jose Luis"]
[Result "1/2-1/2"]
[WhiteElo "2243"]
[BlackElo "2133"]
[WhiteFideId "3511782"]
[BlackFideId "3901831"]
[EventDate "2011.05.11"]

1. e4 c5 2. Nf3 Nc6 3. c3 Nf6 4. Bd3 e5 5. Bc2 d5 6. d3 dxe4 7. dxe4 Qxd1+ 8.
Kxd1 Bg4 9. Nd2 O-O-O 10. Ke2 Be7 11. h3 Bh5 12. Re1 Rhe8 13. Nc4 Nd7 14. g4 Bg6
15. a4 h5 16. a5 hxg4 17. hxg4 Nf6 18. Nfxe5 Nxe5 19. Nxe5 Bxe4 20. Bxe4 Nxe4
21. Nxf7 Rd5 22. Kf3 Nxf2 23. Re2 Rd3+ 24. Kg2 Nxg4 25. Bg5 Kd7 26. Rae1 Bxg5
27. Rxe8 Ne3+ 28. R8xe3 Rxe3 29. Rd1+ Kc6 30. Nxg5 Re2+ 31. Kf3 Rxb2 32. Ke4 Rb3
33. Rd3 Kb5 34. Ne6 Kc4 35. Rd7 Rxc3 1/2-1/2

[Event "46th Capablanca Memorial Open B"]
[Site "Havana CUB"]
[Date "2011.05.15"]
[Round "5.15"]
[White "Vargas Rodriguez, Wilver"]
[Black "Agra Caballero, Ariel"]
[Result "0-1"]
[WhiteElo "2133"]
[BlackElo "2229"]
[WhiteFideId "3509672"]
[BlackFideId "3503577"]
[EventDate "2011.05.11"]

1. e4 Nf6 2. Nc3 d5 3. exd5 Nxd5 4. Bc4 Nb6 5. Bb3 c5 6. d3 Nc6 7. Be3 e6 8. Nf3
Nd4 9. Bxd4 cxd4 10. Ne2 Bb4+ 11. c3 dxc3 12. bxc3 Be7 13. O-O O-O 14. d4 Qc7
15. Qd3 Rd8 16. Rad1 Bd7 17. Ne5 Bf6 18. f4 g6 19. Rf3 Be8 20. Rh3 Bg7 21. g4
Nd5 22. Qg3 Rac8 23. c4 Ne7 24. Nc3 Nc6 25. Qf2 Qb6 26. c5 Qb4 27. Rhd3 b6 28.
Nxc6 Bxc6 29. cxb6 axb6 30. Qd2 Bb7 31. Ne2 Qe7 32. Qe3 Ba6 33. R3d2 Qb4 34. Ng3
Rc3 35. Qe4 Rc1 36. Rxc1 Qxd2 37. Rd1 Bxd4+ 38. Kh1 Qc3 39. Kg2 Bb5 40. Kh3 Bf6
41. Rxd8+ Bxd8 42. g5 Bd3 43. Qe3 Be7 44. Qxb6 Bf1+ 45. Kg4 Bg2 46. Qf2 Qc6 47.
Ne2 Bc5 48. Qg3 Qe4 49. Qc3 Qf5+ 0-1

[Event "46th Capablanca Memorial Open B"]
[Site "Havana CUB"]
[Date "2011.05.15"]
[Round "5.16"]
[White "Vazquez Matos, Adolfo Antonio"]
[Black "Cruz de la Osa, Reyder"]
[Result "0-1"]
[WhiteElo "2092"]
[BlackElo "2226"]
[WhiteFideId "3516245"]
[BlackFideId "3508935"]
[EventDate "2011.05.11"]

1. d4 Nf6 2. c4 g6 3. g3 Bg7 4. Bg2 O-O 5. Nc3 d6 6. Nf3 Nc6 7. d5 Na5 8. Qd3 c5
9. Rb1 a6 10. e4 b5 11. Nd2 Ng4 12. cxb5 axb5 13. Nxb5 Ba6 14. a4 Ne5 15. Qc2
Qb6 16. b4 cxb4 17. Rxb4 Rac8 18. Qxc8 Nd3+ 19. Ke2 Qxf2+ 20. Kxd3 Rxc8 21. Bh3
Rc3# 0-1

[Event "46th Capablanca Memorial Open B"]
[Site "Havana CUB"]
[Date "2011.05.15"]
[Round "5.17"]
[White "Chacon Pavon, Joel"]
[Black "Macias Velazquez, Marlies"]
[Result "0-1"]
[WhiteElo "2049"]
[BlackElo "2214"]
[WhiteFideId "3504964"]
[BlackFideId "3507793"]
[EventDate "2011.05.11"]

1. d4 f5 2. g3 Nf6 3. Bg2 g6 4. Nf3 Bg7 5. c4 d6 6. Nc3 O-O 7. O-O Qe8 8. b4 Qf7
9. Qb3 h6 10. a4 Kh8 11. a5 a6 12. Ra3 Ne4 13. Bb2 Nxc3 14. Bxc3 Nd7 15. b5 Nf6
16. Nd2 axb5 17. cxb5 Be6 18. Qb1 Nd5 19. Ba1 Ra7 20. Bb2 Rfa8 21. Qa1 Qe8 22.
b6 cxb6 23. Nc4 Qb5 24. Bxd5 Bxd5 25. Nxb6 Re8 26. Bc3 Bf7 27. d5 Bxc3 28. Qxc3+
Kh7 29. Qd2 e6 30. Rc1 exd5 31. Rc7 Kg8 32. Nd7 Rxe2 33. Nf6+ Kg7 34. Qd4 Re1+
35. Kg2 Qf1+ 36. Kf3 Qe2+ 37. Kg2 Qf1+ 38. Kf3 Qh1+ 39. Kf4 Re5 40. Nh5+ Kf8 41.
Rc8+ Be8 42. Rxe8+ Kxe8 43. Nf6+ Kf7 44. Qxe5 dxe5+ 45. Kxe5 Qe1+ 0-1

[Event "46th Capablanca Memorial Open B"]
[Site "Havana CUB"]
[Date "2011.05.15"]
[Round "5.18"]
[White "Gomez Arnau, Reinerio"]
[Black "Corado, Rafael"]
[Result "1-0"]
[WhiteElo "2209"]
[BlackElo "2035"]
[WhiteFideId "3506223"]
[BlackFideId "3900541"]
[EventDate "2011.05.11"]

1. e4 c5 2. Nc3 e6 3. g3 d5 4. d3 Nf6 5. Bg2 Be7 6. f4 Nc6 7. e5 Nd7 8. Nf3 a6
9. O-O b6 10. f5 Ndxe5 11. Nxe5 Nxe5 12. fxe6 Bxe6 13. Qh5 Bf6 14. h3 O-O 15.
Bf4 g6 16. Qe2 Nc6 17. Rae1 Bg7 18. Qd2 Qd7 19. Kh2 b5 20. Bh6 Bxh6 21. Qxh6 Nd4
22. Re5 Rae8 23. Nxd5 Bxd5 24. Rxd5 Qc7 25. Qg5 f5 26. c3 Ne6 27. Qe3 f4 28. Qe5
fxg3+ 29. Kxg3 Rxf1 30. Bxf1 Qf7 31. Bg2 Ng7 32. Qg5 h6 33. Qxh6 Nf5+ 34. Rxf5
Qxf5 35. Be4 Qh5 36. Qe3 Re5 37. h4 g5 38. hxg5 Rxg5+ 39. Kf2 Qg4 40. Kf1 Qd1+
41. Kf2 Qc2+ 42. Kf1 Qb1+ 43. Kf2 Qxb2+ 44. Kf1 Qb1+ 45. Ke2 Qxa2+ 46. Kd1 Rg1+
47. Qxg1+ Kf8 48. Qxc5+ Kf7 49. Bd5+ 1-0

[Event "46th Capablanca Memorial Open B"]
[Site "Havana CUB"]
[Date "2011.05.15"]
[Round "5.19"]
[White "Hedman Senarega, Jose Antonio"]
[Black "Ajete Alberdi, Jose Serafin"]
[Result "1-0"]
[WhiteTitle "FM"]
[WhiteElo "2204"]
[BlackElo "2008"]
[WhiteFideId "3500837"]
[BlackFideId "3505731"]
[EventDate "2011.05.11"]

1. d4 Nc6 2. Nf3 d6 3. c4 Nf6 4. Nc3 Bf5 5. d5 Nb8 6. Nd4 Bd7 7. e4 Na6 8. f3 c5
9. Nc2 g6 10. a3 Bg7 11. Be2 h5 12. Be3 Nc7 13. e5 Ng8 14. e6 fxe6 15. Qd3 exd5
16. Qxg6+ Kf8 17. cxd5 Qe8 18. Qd3 Nh6 19. O-O Bf5 20. Ne4 Qg6 21. Kh1 Nf7 22.
Rad1 Kg8 23. Bc1 Ne5 24. Qb3 b5 25. Ne3 Bxe4 26. fxe4 Qxe4 27. Bxb5 Nxb5 28.
Qxb5 Bf6 29. Nf5 Nf7 30. Qb7 Kh7 31. Nxe7 Rhb8 32. Qc7 Rg8 33. Nxg8 1-0

[Event "46th Capablanca Memorial Open B"]
[Site "Havana CUB"]
[Date "2011.05.15"]
[Round "5.20"]
[White "Lopez Gonzalez, Abel Fabian"]
[Black "Ordunez Echarte, Dennys"]
[Result "0-1"]
[BlackTitle "FM"]
[WhiteElo "2049"]
[BlackElo "2195"]
[WhiteFideId "3512673"]
[BlackFideId "3512207"]
[EventDate "2011.05.11"]

1. e4 d6 2. d4 Nf6 3. Nc3 g6 4. f4 Bg7 5. Nf3 O-O 6. Bd3 Nc6 7. d5 Nb4 8. Bc4 c6
9. O-O cxd5 10. Bxd5 Nfxd5 11. Nxd5 Nxd5 12. exd5 Qb6+ 13. Kh1 e6 14. Ng5 h6 15.
Ne4 exd5 16. Qxd5 Re8 17. Ng3 Be6 18. Qf3 Bc4 19. Rd1 h5 20. f5 h4 21. Ne4 d5
22. Nc3 Be5 23. fxg6 fxg6 0-1

[Event "46th Capablanca Memorial Open B"]
[Site "Havana CUB"]
[Date "2011.05.15"]
[Round "5.21"]
[White "Salazar Loor, Sara"]
[Black "Perez Mederos, Raul"]
[Result "0-1"]
[WhiteElo "2002"]
[BlackElo "2186"]
[WhiteFideId "3604292"]
[BlackFideId "3503470"]
[EventDate "2011.05.11"]

1. e4 g6 2. d4 Bg7 3. f4 d6 4. Nf3 a6 5. a4 c5 6. d5 Nf6 7. Nc3 O-O 8. Be2 e6 9.
O-O exd5 10. exd5 Re8 11. Nd2 Nbd7 12. Nc4 Nb6 13. Nxb6 Qxb6 14. a5 Qc7 15. h3
Bd7 16. g4 Ne4 17. Nxe4 Rxe4 18. c3 Rae8 19. Bf3 R4e7 20. Bd2 Bb5 21. Re1 Bd3
22. Rxe7 Qxe7 23. Qe1 Qd7 24. Qf2 Qb5 25. Be3 Be4 26. Bxe4 Rxe4 27. Qd2 Ra4 28.
Rc1 Ra2 29. Rc2 Qxa5 30. f5 Ra1+ 31. Kg2 Qb5 32. c4 Qe8 33. Qd3 Re1 34. Bf4 Bd4
35. fxg6 hxg6 36. Qf3 Qe7 37. g5 b5 38. b3 Kg7 39. Ra2 bxc4 40. bxc4 Rg1+ 41.
Kh2 Ra1 42. Re2 Qd7 43. Qb3 Rg1 44. Qd3 Qa4 45. Qf3 Qa1 0-1

[Event "46th Capablanca Memorial Open B"]
[Site "Havana CUB"]
[Date "2011.05.15"]
[Round "5.22"]
[White "Gutierrez Delgado, Yusuan Alfred"]
[Black "Mencos, Claudia"]
[Result "1-0"]
[WhiteTitle "FM"]
[BlackTitle "WIM"]
[WhiteElo "2242"]
[BlackElo "1972"]
[WhiteFideId "3508005"]
[BlackFideId "7300573"]
[EventDate "2011.05.11"]

1. e4 c5 2. Nf3 e6 3. d4 cxd4 4. Nxd4 a6 5. Bd3 Nc6 6. Nxc6 dxc6 7. Nd2 e5 8.
Nc4 Qc7 9. O-O b5 10. Ne3 Nf6 11. a4 Rb8 12. Bd2 Be6 13. Qe2 Be7 14. axb5 axb5
15. Ba5 Qb7 16. Nf5 Bf8 17. Bc3 Nd7 18. Qe3 f6 19. Ra7 Qb6 20. Qxb6 Rxb6 21.
Rfa1 b4 22. Bd2 g6 23. Rc7 gxf5 24. Rc8+ Ke7 25. exf5 Bd5 26. Be3 c5 27. Rxc5
Rd6 28. Rc7 Kd8 29. Raa7 Bc6 30. f3 Rg8 31. Kf2 Rg7 32. Ba6 h5 33. Rc8+ Ke7 34.
Bc5 Kf7 35. Bc4+ Bd5 36. Bxd5+ 1-0

[Event "46th Capablanca Memorial Open B"]
[Site "Havana CUB"]
[Date "2011.05.15"]
[Round "5.23"]
[White "Espinosa, Rafael"]
[Black "Marquez Torres, Oscar Luis"]
[Result "1-0"]
[WhiteElo "2251"]
[BlackElo "2110"]
[WhiteFideId "3502627"]
[BlackFideId "3512819"]
[EventDate "2011.05.11"]

1. e4 e6 2. d4 d5 3. exd5 exd5 4. c4 Bb4+ 5. Nc3 Nf6 6. Bd3 O-O 7. Ne2 Bg4 8. f3
Bh5 9. a3 dxc4 10. Bxc4 Bd6 11. g4 Bg6 12. h4 h5 13. g5 Nfd7 14. Be3 Re8 15. Qd2
c6 16. O-O-O b5 17. Bd3 Nb6 18. Ne4 Bf8 19. Nf4 Nc4 20. Bxc4 bxc4 21. Nxg6 fxg6
22. Bf4 Qd5 23. Qc3 Nd7 24. Nd2 Nb6 25. Bc7 Re2 26. Bxb6 axb6 27. Qxc4 Rae8 28.
Qxd5+ cxd5 29. Rdf1 Bd6 30. f4 Rg2 31. Rhg1 Rxg1 32. Rxg1 Bxf4 33. Kd1 Bxd2 34.
Kxd2 Re4 35. Kc3 Kf7 36. Rh1 Ke7 37. Kb4 Rxd4+ 38. Kb5 Rd3 39. Kxb6 Rb3+ 40. Kc5
Rxb2 41. Kxd5 Ra2 42. Rh3 Ra1 43. Re3+ Kd7 44. Kc5 Ra2 45. Kb4 Rg2 46. Re4 Rg4
47. Rc4 Kd6 48. Kb5 Kd5 49. Rb4 Kd6 50. a4 Kc7 51. Kc5 Rg1 52. Kd5 Rd1+ 53. Rd4
Ra1 54. Ke6 Re1+ 55. Kf7 Rg1 56. Kxg6 Rg4 57. Rd1 Rxa4 58. Kxh5 1-0

[Event "46th Capablanca Memorial Open B"]
[Site "Havana CUB"]
[Date "2011.05.15"]
[Round "5.25"]
[White "Leon Valdes, Jony Wilson"]
[Black "Cierna Rodriguez, Alain"]
[Result "1/2-1/2"]
[WhiteElo "2199"]
[BlackElo "2068"]
[WhiteFideId "3506177"]
[BlackFideId "3514250"]
[EventDate "2011.05.11"]

1. e4 c5 2. Nf3 d6 3. c3 Nf6 4. Bd3 Nc6 5. Bc2 Bg4 6. d3 g6 7. h3 Bxf3 8. Qxf3
Bg7 9. Nd2 O-O 10. Qe2 b5 11. Nf3 Nd7 12. a3 Rb8 13. O-O Qc7 14. Be3 b4 15. axb4
cxb4 16. Ba4 bxc3 17. bxc3 Rb7 18. d4 Rfb8 19. Ra2 Nf6 20. Qd3 e6 21. Nd2 d5 22.
e5 Nd7 23. Rfa1 Ne7 24. Bg5 Nc8 25. h4 h6 26. Bf4 Ne7 27. h5 g5 28. Bh2 Nb6 29.
Bc2 Nc4 30. Nf1 Nb2 31. Qh7+ Kf8 32. Ra3 Nc4 33. Ra6 Nb6 34. Qd3 Rc8 35. R6a3
Nc4 36. R3a2 Nb2 37. Qa6 Rb6 38. Qxa7 Qxa7 39. Rxa7 Rxc3 40. Ra8+ Rc8 41. Ne3
Rcb8 42. Rxb8+ Rxb8 43. f4 gxf4 44. Bxf4 Nc6 45. Kh2 Nxd4 46. Rb1 Nc6 47. Ng4
Nc4 48. Rxb8+ Nxb8 49. Nxh6 Bxe5 50. Kg3 Nd7 51. Ng4 Bxf4+ 52. Kxf4 e5+ 53. Kg5
e4 54. Kf4 Nc5 55. h6 Ne6+ 56. Kg3 f5 57. Nf6 f4+ 58. Kf2 Nb6 59. Bxe4 1/2-1/2

[Event "46th Capablanca Memorial Open B"]
[Site "Havana CUB"]
[Date "2011.05.15"]
[Round "5.27"]
[White "Vitier Vazquez, Cristian"]
[Black "Hernandez, Zaida"]
[Result "1-0"]
[WhiteElo "2158"]
[BlackElo "2014"]
[WhiteFideId "3513157"]
[BlackFideId "3901041"]
[EventDate "2011.05.11"]

1. d4 d5 2. c4 c6 3. Nf3 Nf6 4. Nc3 a6 5. e3 b5 6. b3 e6 7. Bd2 Ne4 8. Nxe4 dxe4
9. Ne5 Be7 10. Qg4 O-O 11. Qxe4 Qb6 12. c5 Qc7 13. Qc2 Nd7 14. Nxd7 Bxd7 15. Bd3
f5 16. O-O e5 17. dxe5 Qxe5 18. b4 Bf6 19. Rac1 Be6 20. Bc3 Qxc3 21. Qxc3 Bxc3
22. Rxc3 Bxa2 23. Ra1 Be6 24. Rca3 Rfd8 25. Be2 Rd2 26. Bf3 Bd7 27. h3 Rb2 28.
Rd1 Be8 29. Rd4 Kf7 30. e4 f4 31. e5 g5 32. Bg4 Ke7 33. Ra1 h5 34. Bf5 Re2 35.
h4 Rxe5 36. Bd3 Bd7 37. hxg5 Rxg5 38. Rxf4 Rag8 39. g3 Bc8 40. Be4 Rg4 41. Rxg4
Rxg4 42. Re1 Kd8 43. Kg2 h4 44. Kf3 h3 45. Ke3 Be6 46. Bxc6 Rxb4 47. Be4 a5 48.
f4 Rb3+ 49. Kd4 Rxg3 50. Ke5 Bd7 51. f5 h2 52. Rh1 Rh3 53. f6 Be8 54. Ke6 Re3
55. Ke5 Re2 1-0

[Event "46th Capablanca Memorial Open B"]
[Site "Havana CUB"]
[Date "2011.05.15"]
[Round "5.28"]
[White "Gonzalez Ochoa, Yoana"]
[Black "Hernandez Carmenate, Holman"]
[Result "0-1"]
[WhiteElo "2053"]
[BlackElo "2152"]
[WhiteFideId "3507629"]
[BlackFideId "3510069"]
[EventDate "2011.05.11"]

1. e4 c5 2. Nf3 d6 3. d4 cxd4 4. Nxd4 Nf6 5. Nc3 Nc6 6. Bg5 e6 7. Qd2 Be7 8.
O-O-O O-O 9. f3 Nxd4 10. Qxd4 a6 11. Bxf6 Bxf6 12. Qe3 Qc7 13. g4 b5 14. g5 Be7
15. Bd3 b4 16. Ne2 a5 17. Kb1 a4 18. f4 b3 19. Qd4 bxa2+ 20. Kxa2 e5 21. Qc3 Qb8
22. h4 Be6+ 23. Ka1 Rc8 24. Qd2 Qb6 25. f5 Rab8 26. Rb1 Bb3 27. f6 Bf8 28. Nc3
Qc5 29. cxb3 axb3 30. Rbe1 Qa5+ 31. Kb1 d5 32. exd5 Bb4 33. Rh3 Ra8 34. Kc1 Qa1+
35. Bb1 Ra2 36. Re4 Rxb2 37. Rxb4 Qxb1# 0-1

[Event "46th Capablanca Memorial Open B"]
[Site "Havana CUB"]
[Date "2011.05.15"]
[Round "5.30"]
[White "Gomez Sanchez, Jorge Marco"]
[Black "Fernandez Guillen, Ernesto J."]
[Result "1/2-1/2"]
[WhiteElo "2036"]
[BlackElo "2149"]
[WhiteFideId "3506649"]
[BlackFideId "3512428"]
[EventDate "2011.05.11"]

1. e4 e5 2. Nf3 Nc6 3. Bc4 Bc5 4. c3 Nf6 5. O-O Bb6 6. d4 Nxe4 7. dxe5 O-O 8. b4
d6 9. Bd5 Nxf2 10. Rxf2 dxe5 11. Bg5 Qd6 12. Na3 h6 13. Bh4 Bxf2+ 14. Bxf2 Rd8
15. Bb3 Qf6 16. Qe1 Be6 17. b5 Bxb3 18. axb3 e4 19. Nd4 Nxd4 20. Bxd4 Rxd4 21.
cxd4 Qxd4+ 22. Kh1 Rd8 23. Nc4 f5 24. g3 Qd3 25. Qe3 Qc2 26. Rc1 Qa2 27. Qc5
Qxb3 28. Qxc7 Rd1+ 29. Rxd1 Qxd1+ 30. Kg2 Qf3+ 31. Kh3 e3 32. Qc8+ Kh7 1/2-1/2